000 00575nam a2200181 i 4500
001 104553
003 ES-MaACL
005 20230906183632.0
007 t|
008 051201s1951 sp af ||||1|dspa d
080 _a791.862
100 1 _aMinguet Calderón de la Barca, Enrique.
_981341
245 1 3 _aEl Toreo
_b: resumen y juicio crítico de la temporada de 1951 /
_cEnrique Minguet, "Pensamientos" [seud.].
260 _aMadrid :
_bImp. de la Bolsa,
_c1951.
300 _a154 p., 3 lám. ;
_c15 cm.
650 4 _aCorridas de toros.
_911370
852 _aES-MaACL
_jD-7460
999 _c104553
_d104553